000 00385nam a2200169Ia 4500
008 210719s1939 xx 000 0 und d
041 _aeng
082 _a516.24 BAGP
100 _aBAGI (B B)
245 _aPlane trigonometry. Rev Ed.3
250 _a3
260 _aDharwar
_bB B Bagi
_c1939
300 _a289
_bHB
365 _cRs
650 _aGeometry
906 _aTrigonometry
999 _c212880
_d212880